| 000 | 00933nam a22001577a 4500 | ||
|---|---|---|---|
| 003 | OSt | ||
| 005 | 20151113104532.0 | ||
| 008 | 151113b xxu||||| |||| 00| 0 eng d | ||
| 040 | _cRUA | ||
| 082 | _aFOR MAO 2007 B133 Or.1 | ||
| 100 |
_93640 _aMAO, SEREYRITHY. |
||
| 245 | _aFauna inventory in school forest of royal university of agriculture and mother tree area of ctsp in sandan district, kampong thom province (ការធ្វើសារពើភណ្ឌ័សត្វព្រៃនៅក្នុងតំបន់សាលាព្រៃឈើរបស់សាកលវិទ្យាល័យភូមិន្ទកសិកម្មនិងតំបន់ចំការគ្រាបើពូជឈើរបស់គំរោងCTSPក្នុងស្រុកសណ្ដាន់ខេត្តកំពង់ធំ) | ||
| 260 |
_aPhnom Penh _bRUA _c2007 |
||
| 300 |
_axii, 60p. _bill. _c29cm. |
||
| 942 |
_2ddc _cFOR |
||
| 999 |
_c3389 _d3389 |
||